Poškodenie viniča tohoročnými zimnými mrazmi vo vinohradoch staníc ÚK SÜP a ÚK ZÚZ

Bibliographic Details
Main Authors: Záruba, Peter (Author), Zlatošová, Božena (Author), Chvostek, Dušan (Author)
Format: Article
Language:Slovak
PhysicalDescription:Tb. 2.
Subjects:

MARC

LEADER 00000nab a2200000 a 4500
001 vtls000276006
003 SK-MaSNL
005 20260302214127.0
008 111130c1987 xo 0 slo
015 |a SNBRB19rr/mm-uuuuu 
035 |a CL0286120 
040 |a SNKBUCL  |b slo  |c SNKBUCL  |e AACR2 
041 0 |a slo 
044 |a xo  |c SK 
080 |a 634.8.047:632.111.5  |2 1981 
080 |a 632.111.5  |2 1981 
100 1 |a Záruba, Peter  |4 aut  |9 307391 
245 1 0 |a Poškodenie viniča tohoročnými zimnými mrazmi vo vinohradoch staníc ÚK SÜP a ÚK ZÚZ  |c Peter Záruba, Božena Zlatošová, Dušan Chvostek 
300 |b Tb. 2. 
650 0 7 |a vinič hroznorodý  |2 snkbucl  |9 15944 
655 7 |a články z novín a časopisov  |2 snkbucl  |9 267496 
700 1 |a Zlatošová, Božena  |4 aut  |9 941032 
700 1 |a Chvostek, Dušan  |4 aut  |9 8982 
773 0 |t Vinohrad  |g Roč. 25, č. 4 (1987), s. 87-88 
850 |a Slovenská národná knižnica v Martine  |a MTA001 
852 |a SNK  |b KIS3GCP 
958 |a RK 
992 |a RBX 
999 |c 1496449  |d 1498379